| 000 | 00505nam a2200169Ia 4500 | ||
|---|---|---|---|
| 005 | 20250923144733.0 | ||
| 008 | 008 250917s9999 xx 000 0 eng d | ||
| 037 | _aTextual | ||
| 040 |
_aDSWL _beng _cDSWL |
||
| 041 |
_aeng _2eng |
||
| 084 |
_aYX,Z2;6-P8.Z3, N59;q _qDSWL |
||
| 245 | 0 | _aManual of correctional standards | |
| 260 |
_aNew York _b American correctional Association _c1959 |
||
| 300 | _axviii,630p. | ||
| 942 |
_cTEXL _hYX,Z2;6-P8.Z3, N59;q |
||
| 999 |
_c1442705 _d1442705 |
||